| 000 | 00504nam a2200121Ia 4500 | ||
|---|---|---|---|
| 008 | 220615s9999||||xx |||||||||||||| ||und|| | ||
| 100 | _aSamantha Frost | ||
| 245 | 0 | _aChapter: 'Ten Theses on the Subject of Biology and Politics: Conceptual, Methodological, and Biopolitical Considerations' from book: The Palgrave Handbook of Biology and Society | |
| 546 | _aEnglish[eng] | ||
| 650 | _abiopolitics||society||biology | ||
| 856 | _uhttps://link.springer.com/chapter/10.1057/978-1-137-52879-7_38 | ||
| 942 | _cEB | ||
| 999 |
_c7948 _d7948 |
||